Happiness
This book explores answers to these questions by presenting research into how happiness is measured, frameworks for personal behaviors, management techniques that build happiness in the workplace--and warnings that highlight where the happiness hype has been overblown.
সংরক্ষণ করুন:
| বিন্যাস: | গ্রন্থ |
|---|---|
| ভাষা: | Undetermined |
| প্রকাশিত: |
Boston
Harvard Business Review Press
2017
|
| বিষয়গুলি: | |
| ট্যাগগুলো: |
ট্যাগ যুক্ত করুন
কোনো ট্যাগ নেই, প্রথমজন হিসাবে ট্যাগ করুন!
|
| Thư viện lưu trữ: | Trung tâm Học liệu Trường Đại học Cần Thơ |
|---|
| LEADER | 00778nam a2200181Ia 4500 | ||
|---|---|---|---|
| 001 | CTU_231345 | ||
| 008 | 210402s9999 xx 000 0 und d | ||
| 082 | |a 152.4 | ||
| 082 | |b H252 | ||
| 245 | 0 | |a Happiness | |
| 260 | |a Boston | ||
| 260 | |b Harvard Business Review Press | ||
| 260 | |c 2017 | ||
| 520 | |a This book explores answers to these questions by presenting research into how happiness is measured, frameworks for personal behaviors, management techniques that build happiness in the workplace--and warnings that highlight where the happiness hype has been overblown. | ||
| 650 | |a Hạnh phúc,Công việc,Happiness,Work | ||
| 650 | |x Khía cạnh tâm lí,Psychological aspects | ||
| 910 | |b vtbtruc | ||
| 980 | |a Trung tâm Học liệu Trường Đại học Cần Thơ | ||